<?xml version="1.0" encoding="UTF-8"?>
<record
    xmlns:xsi="http://www.w3.org/2001/XMLSchema-instance"
    xsi:schemaLocation="http://www.loc.gov/MARC21/slim http://www.loc.gov/standards/marcxml/schema/MARC21slim.xsd"
    xmlns="http://www.loc.gov/MARC21/slim">

  <leader>02271cam a2200361 i 4500</leader>
  <controlfield tag="001">18231227</controlfield>
  <controlfield tag="003">OSt</controlfield>
  <controlfield tag="005">20231031130007.0</controlfield>
  <controlfield tag="008">140716s2015    pauac    b    001 0 eng  </controlfield>
  <datafield tag="010" ind1=" " ind2=" ">
    <subfield code="a">  2014028217</subfield>
  </datafield>
  <datafield tag="020" ind1=" " ind2=" ">
    <subfield code="a">9780781780629 (hbk : alk. paper)</subfield>
  </datafield>
  <datafield tag="035" ind1=" " ind2=" ">
    <subfield code="a">(DNLM)101636905</subfield>
  </datafield>
  <datafield tag="040" ind1=" " ind2=" ">
    <subfield code="a">DNLM/DLC</subfield>
    <subfield code="c">DLC</subfield>
    <subfield code="e">rda</subfield>
    <subfield code="d">DLC</subfield>
  </datafield>
  <datafield tag="042" ind1=" " ind2=" ">
    <subfield code="a">pcc</subfield>
  </datafield>
  <datafield tag="050" ind1="0" ind2="0">
    <subfield code="a">RT48.J46</subfield>
  </datafield>
  <datafield tag="060" ind1="1" ind2="0">
    <subfield code="a">WY 100.4</subfield>
  </datafield>
  <datafield tag="100" ind1="1" ind2=" ">
    <subfield code="a">Jensen, Sharon</subfield>
    <subfield code="9">2625</subfield>
  </datafield>
  <datafield tag="245" ind1="1" ind2="0">
    <subfield code="a">Nursing health assessment: a best practice approach. /</subfield>
    <subfield code="c">Sharon Jensen</subfield>
  </datafield>
  <datafield tag="264" ind1=" " ind2="1">
    <subfield code="a">Philadelphia :</subfield>
    <subfield code="b">Wolters Kluwer Health,</subfield>
    <subfield code="c">2011.</subfield>
  </datafield>
  <datafield tag="300" ind1=" " ind2=" ">
    <subfield code="a">xxx, 967 p.:</subfield>
    <subfield code="b">ill., portraits ;</subfield>
    <subfield code="e">Missing 1 CD-ROM (4 3/4 in.)</subfield>
  </datafield>
  <datafield tag="336" ind1=" " ind2=" ">
    <subfield code="a">text</subfield>
    <subfield code="2">rdacontent</subfield>
  </datafield>
  <datafield tag="337" ind1=" " ind2=" ">
    <subfield code="a">unmediated</subfield>
    <subfield code="2">rdamedia</subfield>
  </datafield>
  <datafield tag="338" ind1=" " ind2=" ">
    <subfield code="a">volume</subfield>
    <subfield code="2">rdacarrier</subfield>
  </datafield>
  <datafield tag="501" ind1=" " ind2=" ">
    <subfield code="a">1 CD-ROM (inside front cover) - Missing </subfield>
  </datafield>
  <datafield tag="504" ind1=" " ind2=" ">
    <subfield code="a">Includes bibliographical references and index.</subfield>
  </datafield>
  <datafield tag="505" ind1=" " ind2=" ">
    <subfield code="a">Contents: The nurse's role in health assessment -- The interview and therapeutic dialogue -- The health history -- Techniques of physical examination and equipment -- Documentation and interdisciplinary communication -- General survey and vital signs assessment --  Pain assessment -- Nutrition assessment -- Assessment of development stages -- Mental health assessment -- Assessment of social, cultural and spiritual health -- Assessment of human violence -- Skin and nails assessment -- Head and neck with lymphatics assessment -- Eyes assessment -- Ears Assessment-- Nose, sinuses, mouth, and throat assessment -- Thorax lungs assessment -- Heart and neck vessels assessment -- Peripheral vascular and lymphatic assessment -- Breasts and axillae assessment -- Abdominal assessment -- Musculoskeletal assessment -- Neurological assessment -- Male genitalia and rectal assessment -- Female genitalia and rectal assessment -- Pregnant women -- Newborns and infants -- Children and adolescents -- Older adults -- Head-to- toe assessment of the adult--  </subfield>
  </datafield>
  <datafield tag="650" ind1="1" ind2="2">
    <subfield code="a">Nursing Assessment</subfield>
    <subfield code="x">methods</subfield>
    <subfield code="v">Case Reports.</subfield>
    <subfield code="9">2626</subfield>
  </datafield>
  <datafield tag="650" ind1="2" ind2="2">
    <subfield code="a">Medical History Taking</subfield>
    <subfield code="x">methods</subfield>
    <subfield code="v">Case Reports.</subfield>
    <subfield code="9">1165</subfield>
  </datafield>
  <datafield tag="650" ind1="2" ind2="2">
    <subfield code="a">Physical Examination</subfield>
    <subfield code="x">methods</subfield>
    <subfield code="v">Case Reports.</subfield>
    <subfield code="9">1166</subfield>
  </datafield>
  <datafield tag="906" ind1=" " ind2=" ">
    <subfield code="a">7</subfield>
    <subfield code="b">cbc</subfield>
    <subfield code="c">orignew</subfield>
    <subfield code="d">1</subfield>
    <subfield code="e">ecip</subfield>
    <subfield code="f">20</subfield>
    <subfield code="g">y-gencatlg</subfield>
  </datafield>
  <datafield tag="942" ind1=" " ind2=" ">
    <subfield code="2">lcc</subfield>
    <subfield code="c">BK</subfield>
  </datafield>
  <datafield tag="999" ind1=" " ind2=" ">
    <subfield code="c">7994</subfield>
    <subfield code="d">15494</subfield>
  </datafield>
  <datafield tag="952" ind1=" " ind2=" ">
    <subfield code="0">0</subfield>
    <subfield code="1">0</subfield>
    <subfield code="2">lcc</subfield>
    <subfield code="4">0</subfield>
    <subfield code="7">0</subfield>
    <subfield code="a">WIUC-KL</subfield>
    <subfield code="b">WIUC-KL</subfield>
    <subfield code="c">NURS L.</subfield>
    <subfield code="d">2019-08-07</subfield>
    <subfield code="o">RT48.J46</subfield>
    <subfield code="p">KSN/434/19</subfield>
    <subfield code="r">2021-11-15 00:00:00</subfield>
    <subfield code="t">1</subfield>
    <subfield code="w">2021-11-15</subfield>
    <subfield code="y">BK</subfield>
  </datafield>
  <datafield tag="952" ind1=" " ind2=" ">
    <subfield code="0">0</subfield>
    <subfield code="1">0</subfield>
    <subfield code="2">lcc</subfield>
    <subfield code="4">0</subfield>
    <subfield code="7">0</subfield>
    <subfield code="a">WIUC-KL</subfield>
    <subfield code="b">WIUC-KL</subfield>
    <subfield code="c">NURS L.</subfield>
    <subfield code="d">2019-11-26</subfield>
    <subfield code="o">RT48.J461</subfield>
    <subfield code="p">KSN/787/787/19</subfield>
    <subfield code="r">2023-10-31 00:00:00</subfield>
    <subfield code="t">2</subfield>
    <subfield code="w">2021-11-15</subfield>
    <subfield code="y">BK</subfield>
  </datafield>
</record>
